| 000 | 01667nas a2200277Ia 4500 | ||
|---|---|---|---|
| 001 | R050-S3046 | ||
| 003 | IT-CnALBA | ||
| 008 | 170116c99999999xx |||||||||||| ||und|| | ||
| 040 |
_aIT-CnALBA _cIT-CnALBA |
||
| 041 | _aITALIANO | ||
| 100 | _aFAMOSO SALVATORE, MONS. | ||
| 210 | _aRIVISTA DI PASTORALE LITURGICA | ||
| 222 | _aRIVISTA DI PASTORALE LITURGICA | ||
| 245 | 0 | _aRIVISTA DI PASTORALE LITURGICA. GENNAIO 1973. PER LA QUARESIMA. ORGANO CAL. | |
| 250 | _a1a ed. | ||
| 260 |
_a BRESCIA _bQUERINIANA EDIT. LIBR. VESC. _c1973 [1° Ed.:1973 - Ed.Ling.Originale: 1973] |
||
| 300 | _a75 p. | ||
| 310 | _aBIMESTRALE | ||
| 362 | _aFascicolo: 56 / Anno: 11 (1973) | ||
| 500 | _aRIFORMA ORDINI MINORI. LA TEOLOGIA DELLA CROCE. LA SOFFERENZA NEL MONDO CONTEMPORANEO. ANNUNCIO DEL DIGIUNO, STRANIERO G. CAVEDO R. SOTTOCORNOLA FR. MIGNONE M. FEDRIZZI P. BONETTI A. LODI E. CELEBRAZIONI PENITENZIALI. GIORNATA PENITENZIALE MENSILE. LA MALATTIA, LETTURA DEL VANGELO. STAZIONI QUARESIMALI. SCHEMI OMELIA. TEMPO QUARESIMALE. CRONACHE. LETTERE ALLA DIREZIONE. RECENSIONI. | ||
| 501 | _aSocietà San Paolo EM - Piazza San Paolo, 14 - 12051 ALBA (CN) (non commercial uses only) ® Copyright 2017 | ||
| 520 | _aRIFORMA ORDINI MINORI. LA TEOLOGIA DELLA CROCE. LA SOFFERENZA NEL MONDO CONTEMPORANEO. ANNUNCIO DEL DIGIUNO, STRANIERO G. CAVEDO R. SOTTOCORNOLA FR. MIGNONE M. FEDRIZZI P. BONETTI A. LODI E. CELEBRAZIONI PENITENZIALI. GIORNATA PENITENZIALE MENSILE. LA MALATTIA, LETTURA DEL VANGELO. STAZIONI QUARESIMALI. SCHEMI OMELIA. TEMPO QUARESIMALE. CRONACHE. LETTERE ALLA DIREZIONE. RECENSIONI. | ||
| 650 | _aTEOLOGIA PASTORALE | ||
| 942 | _cCR | ||
| 957 | _71 | ||
| 999 |
_a64936 _bNO _g1 _c331632 _d331632 |
||